| 000 | 00828cam a22001934a 4500 | ||
|---|---|---|---|
| 005 | 20250605164137.0 | ||
| 008 | 250528s ||||||||||||||||||||||||d | ||
| 035 | _a18815 | ||
| 020 | _a750697318 | ||
| 040 |
_aGR-AtMCL _bgre _dGR-AtMCL _eAACR2 |
||
| 245 | 1 | _aCriminology and Criminal Justice / Comparing, Contrasting, and Intertwining Disciplines | |
| 260 |
_bButterworth Heinemann, _c1998 |
||
| 300 | _a192 | ||
| 520 | _aA unique approach to understanding how the disciplines of criminology and criminal justice are related. Preface, Acknowledgements, Foundations, Definitions, Criminology, Criminal Justice, Comparing and Contrasting and Intertwining, Research and Practical Applications, The Future, References, Bibliography, Index. | ||
| 700 | 1 |
_aDantzker M.L _95077 |
|
| 942 | _cBK | ||
| 999 |
_c4128 _d4128 |
||